Control of flea beetle on chinese kale under royal university of agriculture condition ការគ្រប់គ្រងសត្វទៀកគូលើដំណាំខាតើណាក្នុងលក្ខខណ្ឌសាកលវិទ្យាល័យភូមិន្ធកសិកម្ម. (Record no. 1204)

000 -LEADER
fixed length control field 00673nam a22001577a 4500
003 - CONTROL NUMBER IDENTIFIER
control field OSt
005 - DATE AND TIME OF LATEST TRANSACTION
control field 20150924154857.0
008 - FIXED-LENGTH DATA ELEMENTS--GENERAL INFORMATION
fixed length control field 150924b xxu||||| |||| 00| 0 eng d
040 ## - CATALOGING SOURCE
Transcribing agency RUA
082 ## - DEWEY DECIMAL CLASSIFICATION NUMBER
Classification number AGR SUO 2009 BO43 Or.1
100 ## - MAIN ENTRY--PERSONAL NAME
9 (RLIN) 1272
Personal name SOUN,RATHA
245 ## - TITLE STATEMENT
Title Control of flea beetle on chinese kale under royal university of agriculture condition ការគ្រប់គ្រងសត្វទៀកគូលើដំណាំខាតើណាក្នុងលក្ខខណ្ឌសាកលវិទ្យាល័យភូមិន្ធកសិកម្ម.
260 ## - PUBLICATION, DISTRIBUTION, ETC. (IMPRINT)
Place of publication, distribution, etc. Phnom Phen
Name of publisher, distributor, etc. RUA
Date of publication, distribution, etc. 2009
300 ## - PHYSICAL DESCRIPTION
Extent XII.53Pp.
Other physical details ILL.
Dimensions 29CM.
942 ## - ADDED ENTRY ELEMENTS (KOHA)
Source of classification or shelving scheme
Koha item type AGR
Holdings
Price effective from Date last seen Permanent Location Not for loan Date acquired Source of classification or shelving scheme Koha item type Barcode Lost status Damaged status Shelving location Withdrawn status Current Location Full call number
2015-09-242015-09-24Library Block B 2015-09-24 AGRRUA000603  B043 Library Block BAGR SUO 2009 BO43 Or.1
2015-09-242015-09-24Library Block B 2015-09-24 AGRRUA000848  B043 Library Block BAGR SUO 2009 BO43 Or.2
មជ្ឈមណ្ឌលឯការនៃសាកលវិទ្យាល័យភូមិន្ទកសិកម្មចំការដូង

Powered by Koha